000 00738nam a2200229 i 4500
001 78911
003 ES-MaACL
005 20251124170354.0
007 t|
008 041018s1964 sp ||||1| spa d
080 _a82-93.09
100 1 _aHazard, Paul,
_d1878-1944
_962229
245 1 4 _aLos libros, los niños y los hombres /
_cPaul Hazard ; traducción de M. Manent ; ilustraciones de J. Narro.
250 _a2ª ed.
260 _aBarcelona :
_bJuventud,
_c1964.
300 _a285 p., 6 lám. :
_bil. ;
_c19 cm.
650 4 _aLiteratura infantil-
_xHistoria y crítica.
_914620
700 1 _aManent, M.
_9182598
700 1 _aNarro, José,
_d1902-
_984950
852 4 _aES-MaACL
_jC-26917
999 _c78911
_d78911